Cấu tạo nguyên tử và liên kết hoá học

Nội dung quyển sách trình bày các vấn đề về phân tử và liên kết hóa học, cấu tạo, tính chất của phân tử, liên kết hóa trị, liên kết trong phân tử ion,....

Na minha lista:
Detalhes bibliográficos
Autor principal: Đào, Đình Thức
Formato: Livro
Idioma:Undetermined
Publicado em: Hà Nội Giáo dục 2005
Assuntos:
Tags: Adicionar Tag
Sem tags, seja o primeiro a adicionar uma tag!
Thư viện lưu trữ: Trung tâm Học liệu Trường Đại học Cần Thơ
LEADER 00807nam a2200205Ia 4500
001 CTU_103838
008 210402s9999 xx 000 0 und d
020 |c 49000 
082 |a 541.24 
082 |b T552/T.2 
100 |a Đào, Đình Thức 
245 0 |a Cấu tạo nguyên tử và liên kết hoá học 
245 0 |c Đào Đình Thức 
260 |a Hà Nội 
260 |b Giáo dục 
260 |c 2005 
520 |a Nội dung quyển sách trình bày các vấn đề về phân tử và liên kết hóa học, cấu tạo, tính chất của phân tử, liên kết hóa trị, liên kết trong phân tử ion,.... 
650 |a Atomic structure 
904 |i Minh 
980 |a Trung tâm Học liệu Trường Đại học Cần Thơ